000 00510nam a2200181Ia 4500
999 _c14504
_d14504
003 OSt
005 20201204155855.0
008 190216s9999||||xx |||||||||||||| ||und||
020 _a9780007286263
040 _coclc
082 _a823.912
_bLEW/T
100 _aLewis, C S
_95912
245 4 _aThe Chronicles Of Narnia /
_cC S Lewis
260 _bHarper Collins Publishers,
_c2010.
_aLondon:
300 _a768p
650 _aEnglish
942 _cBK
_2ddc
_h823.912
_iLEW/T
_k823.912
_mLEW/T